Luis Buñuel: biografía crítica

Guardat en:
Dades bibliogràfiques
Autor principal: Aranda, J. Francisco (Autor)
Format: Llibre
Idioma:espanyol
Publicat: Barcelona Lumen 1975
Edició:2a. ed
Col·lecció:Palabra en el Tiempo, 55
Matèries:
Etiquetes: Afegir etiqueta
Sense etiquetes, Sigues el primer a etiquetar aquest registre!

MARC

LEADER 00000cam a2200000 a 4500
001 UCO4988
003 CL-VaPUC
008 000825e19750000SP |||||||||||||||||spa|d
020 |a 8426410553 
082 0 4 |a 791.4309  |b ARA  |2 21 
100 |a Aranda, J. Francisco  |e author  |9 449706 
245 1 0 |a Luis Buñuel: biografía crítica 
250 |a 2a. ed 
300 |a 479 p 
942 |c BK 
945 |d 20000825 00:00:00  |a crobeson 
260 |a Barcelona  |b Lumen  |c 1975 
600 0 7 |a BUÑUEL, LUIS  |2 CL-VaPUC  |9 266483 
650 0 |a Directores de cine  |9 368705 
650 7 |a PRODUCTORES DE CINE  |2 CL-VaPUC  |9 358580 
650 7 |a REALIZADORES CINEMATOGRAFICOS  |2 CL-VaPUC  |9 355120 
650 0 |a Biografías  |9 255210 
650 7 |a CINE ESPAÑOL  |2 CL-VaPUC  |9 449630 
583 |a last modification  |c 20170802 01:16:11  |k Rodrigo Vera 
490 0 |a Palabra en el Tiempo, 55 
999 |c 290946  |d 290944 
952 |0 0  |1 0  |4 0  |6 791_430900000000000_ARA_1975  |7 0  |8 A  |9 340577  |a BIBART  |b BIBART  |d 2019-11-20  |i 1217739  |o 791.4309 ARA 1975  |p 1217739  |r 2025-03-13  |w 2019-11-20  |y BK  |k ART 
952 |0 0  |1 0  |3 erb  |4 0  |6 791_430900000000000_ARA_1975  |7 0  |8 A  |9 340578  |a BIBART  |b BIBART  |i 5412625  |o 791.4309 ARA 1975  |p 5412625  |r 2025-03-13  |w 2019-11-20  |y BK  |z Catalogado en:20170804  |k ART